Makó Lajos (1854-1908) [szobor fényképe] /
Elmentve itt :
| Szerző: | |
|---|---|
| Dokumentumtípus: | Cikk |
| Megjelent: |
1970-03-11
|
| Sorozat: | Délmagyarország
60 No. 59 |
| Kulcsszavak: | Makó Lajos, Szobrászat Szeged, szobrászat-emléktábla |
| Online Access: | http://dmarchiv.bibl.u-szeged.hu/77413 |
| LEADER | 00501nab a2200157 i 4500 | ||
|---|---|---|---|
| 001 | delm77413 | ||
| 005 | 20180928084304.0 | ||
| 008 | 180928s1970 hu o 0|| hun d | ||
| 040 | |a SZTE Délmagyarország Archívum |b hun | ||
| 041 | |a hun | ||
| 100 | 1 | |a Margó Ede | |
| 245 | 1 | 0 | |a Makó Lajos (1854-1908) |h [elektronikus dokumentum] : |b [szobor fényképe] / |c Margó Ede |
| 260 | |c 1970-03-11 | ||
| 300 | |a 5 | ||
| 490 | 0 | |a Délmagyarország |v 60 No. 59 | |
| 695 | |a Makó Lajos, Szobrászat Szeged, szobrászat-emléktábla | ||